000 00320nam a2200145Ia 4500
100 _aKhandpur/R.S
650 _aChemistry
942 _cBK
654 _aHandbook
245 _aHandbook of Analytical Instruments
260 _bTata Mc Graw hill
_aNew Delhi
_c1989
300 _a488
546 _aENGLISH
999 _c25229
_d25229